<?xml version="1.0" encoding="UTF-8"?><?xml-stylesheet type="text/xsl" href="static/style.xsl"?><OAI-PMH xmlns="http://www.openarchives.org/OAI/2.0/" xmlns:xsi="http://www.w3.org/2001/XMLSchema-instance" xsi:schemaLocation="http://www.openarchives.org/OAI/2.0/ http://www.openarchives.org/OAI/2.0/OAI-PMH.xsd"><responseDate>2026-04-14T05:58:05Z</responseDate><request verb="GetRecord" identifier="oai:www.recercat.cat:2072/467402" metadataPrefix="marc">https://recercat.cat/oai/request</request><GetRecord><record><header><identifier>oai:recercat.cat:2072/467402</identifier><datestamp>2026-03-28T08:33:12Z</datestamp><setSpec>com_2072_98</setSpec><setSpec>col_2072_378192</setSpec></header><metadata><record xmlns="http://www.loc.gov/MARC21/slim" xmlns:dcterms="http://purl.org/dc/terms/" xmlns:xsi="http://www.w3.org/2001/XMLSchema-instance" xmlns:doc="http://www.lyncode.com/xoai" xsi:schemaLocation="http://www.loc.gov/MARC21/slim http://www.loc.gov/standards/marcxml/schema/MARC21slim.xsd">
   <leader>00925njm 22002777a 4500</leader>
   <datafield ind2=" " ind1=" " tag="042">
      <subfield code="a">dc</subfield>
   </datafield>
   <datafield ind2=" " ind1=" " tag="720">
      <subfield code="a">Muñoz-Domínguez, Noelia</subfield>
      <subfield code="e">author</subfield>
   </datafield>
   <datafield ind2=" " ind1=" " tag="720">
      <subfield code="a">Carreras-Sánchez, Irene</subfield>
      <subfield code="e">author</subfield>
   </datafield>
   <datafield ind2=" " ind1=" " tag="720">
      <subfield code="a">López-Fernández, Alba</subfield>
      <subfield code="e">author</subfield>
   </datafield>
   <datafield ind2=" " ind1=" " tag="720">
      <subfield code="a">Vives Armengol, Joaquim</subfield>
      <subfield code="e">author</subfield>
   </datafield>
   <datafield ind2=" " ind1=" " tag="260">
      <subfield code="c">2023</subfield>
   </datafield>
   <datafield ind2=" " ind1=" " tag="520">
      <subfield code="a">Els medicaments de Teràpia Avançada es caracteritzen per tenir un principi actiu viu, com ara cèl·lules mare mesenquimals presents en el cordó umbilical, i estan essent cada vegada més usades en medicina. Investigadors del BST i del Departament de Medicina de la UAB han descrit una metodologia per criopreservar fragments grans de cordó mantenint la viabilitat d'aquestes cèl·lules mare un cop descongelats.</subfield>
   </datafield>
   <datafield ind2=" " ind1=" " tag="520">
      <subfield code="a">Los medicamentos de Terapia Avanzada se caracterizan por tener un principio activo vivo, como por ejemplo las células mesenquimales presentes en el cordón umbilical, y están siendo cada vez más usados en medicina. Investigadores del BST y del Departamento de Medicina de la UAB han descrito una metodología para criopreservar fragmentos grandes de cordón manteniendo la viabilidad de esas células madre una vez descongelados.</subfield>
   </datafield>
   <datafield ind2="0" ind1="0" tag="245">
      <subfield code="a">Un nou mètode per criopreservar les cèl·lules mesenquimals del cordó umbilical</subfield>
   </datafield>
</record></metadata></record></GetRecord></OAI-PMH>